USHSHETICHEI NAVI DISHA (Record no. 290816)

MARC details
000 -LEADER
fixed length control field 00348pam a2200145a 44500
008 - FIXED-LENGTH DATA ELEMENTS--GENERAL INFORMATION
fixed length control field 230405s2013 xxu||||| |||| 00| 0 eng d
041 ## - LANGUAGE CODE
Language code of text/sound track or separate title ENG
100 ## - MAIN ENTRY--PERSONAL NAME
Personal name SALUNKHE A N
245 ## - TITLE STATEMENT
Title USHSHETICHEI NAVI DISHA
250 ## - EDITION STATEMENT
Edition statement 2 Ed.
260 ## - PUBLICATION, DISTRIBUTION, ETC.
Place of publication, distribution, etc. KOLHAPUR
Name of publisher, distributor, etc. TEJAS PUB
Date of publication, distribution, etc. 2013
300 ## - PHYSICAL DESCRIPTION
Extent 80p.
440 ## - SERIES STATEMENT/ADDED ENTRY--TITLE
Title TEJAS BOOK, KOLHAPUR,B-367
906 ## - LOCAL DATA ELEMENT F, LDF (RLIN)
a 1938
Holdings
Withdrawn status Lost status Damaged status Not for loan Collection Home library Current library Date acquired Total Checkouts Barcode Date last seen Price effective from Koha item type
          Loknete Mohanrao Kadam College of Agriculture, Kadegaon, Sangli Loknete Mohanrao Kadam College of Agriculture, Kadegaon, Sangli 05/01/2016   AGK-4930 17/04/2023 17/04/2023 Book